Drapeaux de pays insulaires - Mort subite - Statistiques

Statistiques générales
  • Ce quiz a été pris 39 730 fois
  • Le résultat moyen est 9 sur 18
Answers on the Grid
Answers color-coded by a green-red scale on the quiz's grid according to % correct below.
 
Statistiques - réponses
Réponse % Correct
Chypre
71%
Jamaïque
60%
Nouvelle-Zélande
60%
Malte
58%
Royaume-Uni
57%
Seychelles
56%
Sri Lanka
54%
Cuba
53%
Islande
52%
Taiwan
49%
Philippines
48%
Irlande
48%
Bahamas
46%
Haïti
45%
Comores
44%
Papouasie-Nouvelle-Guinée
44%
République Dominicaine
42%
Trinité-et-Tobago
38%
Aucun quiz correspondant
Distribution des résultats
% des personnes avec chaque résultat
Percentile par nombre de réponses
Votre historique - résultats
Vous n’avez pas pris ce quiz